[Event "Pilsen Region-chT 2223"]
[Site "Czech Republic"]
[Date "2022.11.27"]
[Round "4.7"]
[White "Stachova, Jana"]
[Black "Jenc, Milan"]
[Result "1/2-1/2"]
[WhiteElo "1876"]
[BlackElo "1861"]
[PlyCount "20"]
[EventDate "2022.10.09"]
[EventType "team-tourn"]
[EventRounds "11"]
[EventCountry "CZE"]
[SourceTitle "EXT 2024"]
[Source "ChessBase"]
[SourceDate "2023.10.10"]
[SourceVersion "1"]
[SourceVersionDate "2023.10.10"]
[SourceQuality "1"]
[WhiteTeam "Line III"]
[BlackTeam "Line IV"]
[WhiteTeamCountry "CZE"]
[BlackTeamCountry "CZE"]

1. e4 c5 2. Nf3 d6 3. d4 cxd4 4. Nxd4 Nf6 5. Nc3 Nc6 6. Be2 e6 7. Be3 Be7 8. f4 a6 9. Nb3 b5 10. Bf3 Bb7 1/2-1/2

[Event "CZE-chT2A 1415"]
[Site "Czech Republic"]
[Date "2015.01.25"]
[Round "6.8"]
[White "Postl, Petr"]
[Black "Jenc, Milan"]
[Result "1-0"]
[WhiteElo "2010"]
[BlackElo "1916"]
[PlyCount "63"]
[EventDate "2014.11.02"]
[EventType "team-tourn"]
[EventRounds "11"]
[EventCountry "CZE"]
[SourceTitle "EXT 2022"]
[Source "ChessBase"]
[SourceDate "2021.10.06"]
[SourceVersion "1"]
[SourceVersionDate "2021.10.06"]
[SourceQuality "1"]
[WhiteTeam "Karlovy Vary II"]
[BlackTeam "Line"]
[WhiteTeamCountry "CZE"]
[BlackTeamCountry "CZE"]

1. e4 c5 2. Nf3 d6 3. d4 cxd4 4. Nxd4 Nf6 5. Nc3 Nc6 6. Be2 e6 7. g4 Be7 8. Be3 a6 9. Rg1 Qc7 10. a4 d5 11. exd5 Nxd5 12. Nxd5 exd5 13. Qd2 Be6 14. 0-0-0 0-0-0 15. f4 Nxd4 16. Bxd4 Bd6 17. Rgf1 f6 18. f5 Bd7 19. a5 Bc5 20. Bxc5 Qxc5 21. Qxd5 Qe3+ 22. Qd2 Qe5 23. Bd3 Bc6 24. Qb4 Rd4 25. Qb6 Ra4 26. Rde1 Qxh2 27. Kb1 Qd6 28. Re6 Qb4 29. Rxc6+ bxc6 30. Bxa6+ Kd7 31. Rd1+ Qd6 32. Qb7+ 1-0

[Event "CZE-chT2A 1415"]
[Site "Czech Republic"]
[Date "2014.12.14"]
[Round "4.8"]
[White "Matejka, Vladimir"]
[Black "Jenc, Milan"]
[Result "1-0"]
[WhiteElo "2030"]
[BlackElo "1916"]
[PlyCount "69"]
[EventDate "2014.11.02"]
[EventType "team-tourn"]
[EventRounds "11"]
[EventCountry "CZE"]
[SourceTitle "EXT 2022"]
[Source "ChessBase"]
[SourceDate "2021.10.06"]
[SourceVersion "1"]
[SourceVersionDate "2021.10.06"]
[SourceQuality "1"]
[WhiteTeam "Praha Dopravni podnik"]
[BlackTeam "Line"]
[WhiteTeamCountry "CZE"]
[BlackTeamCountry "CZE"]

1. e4 c5 2. Nf3 d6 3. Bb5+ Bd7 4. Bxd7+ Qxd7 5. c4 Qg4 6. Nc3 Nf6 7. 0-0 Nxe4 8. Qa4+ Nc6 9. Nd5 Qd7 10. Nb6 Qd8 11. Nxa8 Qxa8 12. Re1 Nf6 13. d4 cxd4 14. Nxd4 g6 15. Nb5 Qb8 16. Bf4 e5 17. Rad1 Be7 18. Bg5 Nd7 19. Bxe7 Kxe7 20. Nxd6 Rd8 21. Qa3 Ke6 22. Qh3+ Ke7 23. Qxh7 Rf8 24. Qh4+ Ke6 25. c5 Nf6 26. Qc4+ Ke7 27. f4 Nd7 28. Nxf7 Nxc5 29. Qxc5+ Kxf7 30. Rd7+ Ke8 31. Qd5 Rxf4 32. Qe6+ Kf8 33. Qxg6 Qc8 34. Qh6+ Ke8 35. Qe6+ 1-0

[Event "CZE-chT2A 1213"]
[Site "Czech Republic"]
[Date "2012.11.04"]
[Round "2.8"]
[White "Jenc, Milan"]
[Black "Chmelik, Jiri"]
[Result "0-1"]
[WhiteElo "1907"]
[BlackElo "1970"]
[PlyCount "100"]
[EventDate "2012.10.14"]
[EventType "team-tourn"]
[EventRounds "11"]
[EventCountry "CZE"]
[SourceTitle "EXT 2015"]
[Source "ChessBase"]
[SourceDate "2014.11.20"]
[SourceVersion "1"]
[SourceVersionDate "2014.11.20"]
[SourceQuality "1"]
[WhiteTeam "Plzen Sokol"]
[BlackTeam "Litvinov Lom"]
[WhiteTeamCountry "CZE"]
[BlackTeamCountry "CZE"]

1. e4 c5 2. Nf3 d6 3. d4 cxd4 4. Nxd4 Nf6 5. Nc3 e6 6. Be2 Be7 7. 0-0 0-0 8. f4 Nc6 9. Be3 a6 10. Qe1 Qc7 11. Qg3 Bd7 12. Kh1 b5 13. a3 Rac8 14. f5 Kh8 15. Qh3 Nxd4 16. Bxd4 e5 17. Be3 Bc6 18. Bd3 Qb7 19. Rae1 a5 20. Bg5 b4 21. axb4 axb4 22. Nd1 Ng8 23. Bd2 Nf6 24. Nf2 Bb5 25. Bxb5 Qxb5 26. c3 bxc3 27. Bxc3 Rc4 28. Qd3 Qc6 29. Re3 Rc8 30. Rd1 Bf8 31. Bd2 Rd4 32. Qe2 Qb7 33. Bc3 Rxd1+ 34. Qxd1 Qb5 35. Qd3 Qxd3 36. Rxd3 Rc4 37. b3 Nxe4 38. Nxe4 Rxe4 39. g3 f6 40. h3 g6 41. fxg6 hxg6 42. Kg2 Kg7 43. Kf3 f5 44. Rd2 Kf6 45. Ba5 Ke6 46. b4 Bh6 47. Rb2 Re3+ 48. Kf2 Ra3 49. Bd8 Be3+ 50. Kg2 Bd4 0-1

[Event "Tatry op"]
[Site "Tatranske Zruby"]
[Date "2012.09.29"]
[Round "8"]
[White "Strnad, Radek"]
[Black "Jenc, Milan"]
[Result "0-1"]
[WhiteElo "1701"]
[BlackElo "1907"]
[PlyCount "74"]
[EventDate "2012.09.23"]
[EventType "swiss"]
[EventRounds "9"]
[EventCountry "SVK"]
[SourceTitle "EXT 2023"]
[Source "ChessBase"]
[SourceDate "2022.10.05"]
[SourceVersion "1"]
[SourceVersionDate "2022.10.05"]
[SourceQuality "1"]

1. d4 Nf6 2. Nf3 e6 3. e3 c5 4. Bd3 d5 5. b3 Be7 6. Bb2 Nc6 7. Nbd2 Nb4 8. Be2 0-0 9. c3 Na6 10. Bd3 Bd7 11. 0-0 b5 12. Rc1 Rc8 13. Ne5 c4 14. Bb1 cxb3 15. axb3 Bc6 16. f4 Nd7 17. Qh5 f5 18. Nxd7 Bxd7 19. Rf3 Rf6 20. Rg3 Kh8 21. c4 bxc4 22. bxc4 Rb8 23. Ba1 Qa5 24. Bc3 Bb4 25. Bxb4 Qxb4 26. Nf3 Be8 27. Qg5 Rg6 28. Qh4 Qa3 29. Re1 dxc4 30. Ne5 Rxg3 31. hxg3 c3 32. g4 Rxb1 33. Rxb1 c2 34. Re1 c1Q 35. Rxc1 Qxc1+ 36. Kh2 Qc7 37. g5 Kg8 0-1

[Event "Tatry op"]
[Site "Tatranske Zruby"]
[Date "2012.09.27"]
[Round "6"]
[White "Navratil, Jiri2222"]
[Black "Jenc, Milan"]
[Result "1-0"]
[WhiteElo "2057"]
[BlackElo "1907"]
[PlyCount "67"]
[EventDate "2012.09.23"]
[EventType "swiss"]
[EventRounds "9"]
[EventCountry "SVK"]
[SourceTitle "CBM 150 Extra"]
[Source "ChessBase"]
[SourceDate "2012.10.19"]
[SourceVersion "1"]
[SourceVersionDate "2012.10.19"]
[SourceQuality "1"]

1. e4 c5 2. Nf3 d6 3. d4 cxd4 4. Nxd4 Nf6 5. Nc3 Nc6 6. f4 e6 7. Be3 a6 8. Be2 Be7 9. a4 Qc7 10. 0-0 0-0 11. Kh1 b6 12. Nxc6 Qxc6 13. e5 Nd5 14. Nxd5 exd5 15. Bf3 Bb7 16. c4 dxe5 17. Bxd5 Qc7 18. Bxb7 Qxb7 19. fxe5 Qc7 20. Qg4 Qxe5 21. Bd4 Qg5 22. Qxg5 Bxg5 23. Bxb6 a5 24. Rad1 Rab8 25. c5 Be3 26. Rfe1 Rfe8 27. Rxe3 Rxe3 28. c6 Ree8 29. c7 Rbc8 30. Bxa5 f5 31. Rd8 Kf7 32. h3 Ra8 33. b4 Ke7 34. b5 1-0

[Event "Tatry op"]
[Site "Tatranske Zruby"]
[Date "2012.09.25"]
[Round "3"]
[White "Vagner, Ladislav"]
[Black "Jenc, Milan"]
[Result "0-1"]
[WhiteElo "2006"]
[BlackElo "1907"]
[PlyCount "70"]
[EventDate "2012.09.23"]
[EventType "swiss"]
[EventRounds "9"]
[EventCountry "SVK"]
[SourceTitle "CBM 150 Extra"]
[Source "ChessBase"]
[SourceDate "2012.10.19"]
[SourceVersion "1"]
[SourceVersionDate "2012.10.19"]
[SourceQuality "1"]

1. d4 Nf6 2. Nf3 e6 3. c4 c5 4. e3 d5 5. Nc3 cxd4 6. exd4 dxc4 7. Bxc4 Be7 8. 0-0 0-0 9. Bf4 a6 10. a4 Nbd7 11. Qe2 Nb6 12. Bb3 Nbd5 13. Bg3 b6 14. Rfe1 Bb7 15. Rad1 Rc8 16. Ne4 Nxe4 17. Qxe4 Bf6 18. h4 Qe7 19. Qd3 Nb4 20. Qd2 Bd5 21. Re3 a5 22. Bxd5 Rc2 23. Qe1 Nxd5 24. Rb3 Rc4 25. Ra3 Rc2 26. Rd2 Rfc8 27. Qe2 Rxb2 28. Ra1 Rb4 29. Rc2 Nc3 30. Qe3 Rbc4 31. Rac1 Qb4 32. Ne5 Bxe5 33. Bxe5 Nd5 34. Qe2 Rxc2 35. Rxc2 Qb1+ 0-1

[Event "Tatry op"]
[Site "Tatranske Zruby"]
[Date "2012.09.24"]
[Round "2"]
[White "Jenc, Milan"]
[Black "Kopnicka, Henrieta"]
[Result "1-0"]
[WhiteElo "1907"]
[BlackElo "1709"]
[PlyCount "93"]
[EventDate "2012.09.23"]
[EventType "swiss"]
[EventRounds "9"]
[EventCountry "SVK"]
[SourceTitle "EXT 2023"]
[Source "ChessBase"]
[SourceDate "2022.10.05"]
[SourceVersion "1"]
[SourceVersionDate "2022.10.05"]
[SourceQuality "1"]

1. e4 c5 2. Nf3 Nc6 3. d4 cxd4 4. Nxd4 Nf6 5. Nc3 d6 6. Be2 g6 7. Be3 Bg7 8. Qd2 Ng4 9. Bxg4 Bxg4 10. h3 Bd7 11. f4 Na5 12. Qd3 Rc8 13. Rd1 Nc4 14. Bc1 Qb6 15. Nb3 Qc6 16. Nd4 Qb6 17. Nd5 Qxd4 18. Qxd4 Bxd4 19. Rxd4 Be6 20. b3 Na5 21. Ra4 Bxd5 22. exd5 Rxc2 23. Kd1 Rc5 24. Bd2 Rxd5 25. Rxa5 Rxa5 26. Bxa5 Kd7 27. Kd2 Rc8 28. Rc1 Rxc1 29. Kxc1 Kc6 30. Kd2 e5 31. Ke3 Kd5 32. Bc7 e4 33. g4 f5 34. Bb8 a6 35. Ba7 b5 36. Bd4 a5 37. Bc3 a4 38. bxa4 bxa4 39. Bb4 Kc4 40. Bxd6 Kc3 41. a3 Kc2 42. Bb4 Kd1 43. gxf5 gxf5 44. Kd4 Ke2 45. Ke5 Kf3 46. Kxf5 Kg3 47. Kxe4 1-0

[Event "CZE-chT2A 1112"]
[Site "Czech Republic"]
[Date "2012.04.22"]
[Round "11"]
[White "Jenc, Milan"]
[Black "Hurdzan, Tomas"]
[Result "1/2-1/2"]
[WhiteElo "1888"]
[BlackElo "1773"]
[PlyCount "60"]
[EventDate "2011.10.09"]
[EventType "team-tourn"]
[EventRounds "11"]
[EventCountry "CZE"]
[SourceTitle "EXT 2013"]
[Source "ChessBase"]
[SourceDate "2012.11.22"]
[SourceVersion "1"]
[SourceVersionDate "2012.11.22"]
[SourceQuality "1"]
[WhiteTeam "Line"]
[BlackTeam "Klatovy"]
[WhiteTeamCountry "CZE"]
[BlackTeamCountry "CZE"]

1. e4 c5 2. Nf3 Nc6 3. d4 cxd4 4. Nxd4 g6 5. c4 Nf6 6. Nc3 Nxd4 7. Qxd4 d6 8. e5 dxe5 9. Qxe5 Bg7 10. Qb5+ Qd7 11. Be2 0-0 12. 0-0 Qc7 13. Bf3 a6 14. Qb3 Ng4 15. Bxg4 Bxg4 16. Nd5 Qd6 17. f3 Be6 18. Bf4 Qd7 19. Rfd1 Bxd5 20. Rxd5 Qc6 21. Be3 Rfd8 22. Rad1 Rxd5 23. Rxd5 e6 24. Rd2 Rc8 25. a3 h5 26. Kf2 Qxc4 27. Qxb7 Qh4+ 28. Ke2 Qc4+ 29. Kf2 Qh4+ 30. Ke2 Qc4+ 1/2-1/2

[Event "Sunny Beach op 10th"]
[Site "Sunny Beach"]
[Date "2011.08.27"]
[Round "1"]
[White "Jenc, Milan"]
[Black "Vojtek, Vladimir"]
[Result "0-1"]
[WhiteElo "1888"]
[BlackElo "2298"]
[PlyCount "74"]
[EventDate "2011.08.27"]
[EventType "swiss"]
[EventRounds "9"]
[EventCountry "BUL"]
[SourceTitle "CBM 144 Extra"]
[Source "ChessBase"]
[SourceDate "2011.10.28"]
[SourceVersion "1"]
[SourceVersionDate "2011.10.28"]
[SourceQuality "1"]

1. e4 c5 2. Nf3 d6 3. d4 cxd4 4. Nxd4 Nf6 5. Nc3 a6 6. Bg5 e6 7. f4 Qb6 8. Nb3 Nc6 9. Qd2 Bd7 10. Be2 0-0-0 11. 0-0-0 Kb8 12. Bf3 Be7 13. Bh4 Nxe4 14. Nxe4 Bxh4 15. Nxd6 Bc8 16. Qc3 Bf6 17. Qc5 Qxc5 18. Nxc5 Be7 19. Nxf7 Bxc5 20. Rxd8 Rxd8 21. Nxd8 Nxd8 22. Re1 Kc7 23. Bg4 Kd6 24. c3 a5 25. Re4 Bd7 26. b4 axb4 27. cxb4 Bg1 28. h3 Bc6 29. Re2 g6 30. Kc2 Bh2 31. Bf3 Ba4+ 32. Kc3 Bxf4 33. Kc4 b5+ 34. Kc3 e5 35. Rf2 Ne6 36. Ba8 Nc7 37. Be4 Nd5+ 0-1

[Event "Tabor op"]
[Site "Tabor"]
[Date "2008.08.03"]
[Round "9"]
[White "Korinek, Pavel"]
[Black "Jenc, Milan"]
[Result "1/2-1/2"]
[WhiteElo "2042"]
[BlackElo "1909"]
[PlyCount "51"]
[EventDate "2008.07.26"]
[EventType "swiss"]
[EventRounds "9"]
[EventCountry "CZE"]
[SourceTitle "CBM 125 Extra"]
[Source "ChessBase"]
[SourceDate "2008.09.01"]
[SourceVersion "1"]
[SourceVersionDate "2008.09.01"]
[SourceQuality "1"]

1. e4 c5 2. Nc3 d6 3. g3 Nc6 4. Bg2 g6 5. Nge2 Bg7 6. d3 e6 7. Be3 Nge7 8. 0-0 Nd4 9. Rb1 Nec6 10. Qd2 Rb8 11. Nd1 Nxe2+ 12. Qxe2 b5 13. Qd2 b4 14. f4 Bd4 15. f5 Qg5 16. Kh1 Bxe3 17. Qxe3 Qxe3 18. Nxe3 Ne5 19. Rf2 0-0 20. Rbf1 a5 21. fxg6 hxg6 22. Bh3 a4 23. Ng4 Nxg4 24. Bxg4 Ba6 25. Be2 f5 26. Kg2 1/2-1/2

[Event "CZE-ch Juniors op-A"]
[Site "Sec u Chrudimi"]
[Date "2008.03.13"]
[Round "7"]
[White "Jenc, Milan"]
[Black "Hradsky, Ales Jr"]
[Result "1/2-1/2"]
[WhiteElo "1930"]
[BlackElo "1930"]
[PlyCount "51"]
[EventDate "2008.03.08"]
[EventType "swiss"]
[EventRounds "9"]
[EventCountry "CZE"]
[SourceTitle "EXT 2009"]
[Source "ChessBase"]
[SourceDate "2008.11.26"]
[SourceVersion "1"]
[SourceVersionDate "2008.11.26"]
[SourceQuality "1"]

1. e4 c5 2. Nf3 e6 3. d4 cxd4 4. Nxd4 a6 5. c4 Nf6 6. Nc3 Bb4 7. Be3 Bxc3+ 8. bxc3 Nxe4 9. Rc1 0-0 10. Bd3 Nf6 11. 0-0 d5 12. Bg5 dxc4 13. Bxc4 e5 14. Nf3 Qxd1 15. Rcxd1 Nc6 16. Rfe1 Bg4 17. Rd6 Bxf3 18. Bxf6 gxf6 19. gxf3 f5 20. Rf6 f4 21. Kh1 Kg7 22. Rd6 Rad8 23. Rg1+ Kh8 24. Rf6 Rd7 25. Be6 Rc7 26. h4 1/2-1/2

[Event "CZE-ch Juniors op-A"]
[Site "Sec u Chrudimi"]
[Date "2008.03.12"]
[Round "6"]
[White "Dolezal, Radoslav1111"]
[Black "Jenc, Milan"]
[Result "1/2-1/2"]
[WhiteElo "2023"]
[BlackElo "1930"]
[PlyCount "45"]
[EventDate "2008.03.08"]
[EventType "swiss"]
[EventRounds "9"]
[EventCountry "CZE"]
[SourceTitle "EXT 2009"]
[Source "ChessBase"]
[SourceDate "2008.11.26"]
[SourceVersion "1"]
[SourceVersionDate "2008.11.26"]
[SourceQuality "1"]

1. e4 c5 2. c3 d5 3. exd5 Qxd5 4. d4 e5 5. Nf3 Nc6 6. Be3 cxd4 7. cxd4 Bg4 8. Be2 Bb4+ 9. Nc3 exd4 10. 0-0 Bxc3 11. bxc3 Nf6 12. Nxd4 Bxe2 13. Qxe2 0-0 14. Rfd1 Qe5 15. Nxc6 bxc6 16. Qc4 Qb5 17. Qxb5 cxb5 18. a4 a6 19. f3 Rfd8 20. Rxd8+ Rxd8 21. axb5 axb5 22. Bg5 Rc8 23. Bxf6 1/2-1/2

[Event "CZE-ch Juniors op-A"]
[Site "Sec u Chrudimi"]
[Date "2008.03.10"]
[Round "4"]
[White "Reichel, Tomas"]
[Black "Jenc, Milan"]
[Result "0-1"]
[WhiteElo "1719"]
[BlackElo "1930"]
[PlyCount "70"]
[EventDate "2008.03.08"]
[EventType "swiss"]
[EventRounds "9"]
[EventCountry "CZE"]
[SourceTitle "EXT 2009"]
[Source "ChessBase"]
[SourceDate "2008.11.26"]
[SourceVersion "1"]
[SourceVersionDate "2008.11.26"]
[SourceQuality "1"]

1. e4 c5 2. Nf3 d6 3. d4 cxd4 4. Nxd4 Nf6 5. Nc3 Nc6 6. Be2 e6 7. Be3 a6 8. 0-0 Be7 9. Nb3 b5 10. a3 Bb7 11. f4 Na5 12. Nxa5 Qxa5 13. Bd4 0-0 14. Qd3 d5 15. Qe3 Qc7 16. Bxf6 Bxf6 17. e5 Be7 18. Qh3 Rac8 19. Bd3 h6 20. Rf3 f5 21. Rg3 Kh8 22. Rg6 Bc5+ 23. Kh1 Qf7 24. Rg3 b4 25. axb4 Bxb4 26. Be2 d4 27. Na2 Rxc2 28. Bxa6 Bd2 29. Bxb7 Qxb7 30. Rb3 Qe4 31. Nb4 Bxb4 32. Rxb4 Qxf4 33. Rd1 Rc1 34. Rbxd4 Qf1+ 35. Rxf1 Rxf1# 0-1

[Event "Klatovy op-A"]
[Site "Klatovy"]
[Date "2007.07.08"]
[Round "9"]
[White "Svec, Ludek"]
[Black "Jenc, Milan"]
[Result "0-1"]
[WhiteElo "1846"]
[BlackElo "1965"]
[PlyCount "76"]
[EventDate "2007.06.30"]
[EventType "swiss"]
[EventRounds "9"]
[EventCountry "CZE"]
[SourceTitle "CBM 119 Extra"]
[Source "ChessBase"]
[SourceDate "2007.09.04"]
[SourceVersion "1"]
[SourceVersionDate "2007.09.04"]
[SourceQuality "1"]

1. e4 c5 2. Nf3 d6 3. d4 cxd4 4. Nxd4 Nf6 5. Nc3 Nc6 6. Be2 e6 7. Be3 Be7 8. 0-0 a6 9. f4 0-0 10. Bf3 Qc7 11. Qe1 Nxd4 12. Bxd4 e5 13. fxe5 dxe5 14. Be3 Bc5 15. Qf2 Ng4 16. Bxg4 Bxe3 17. Qxe3 Bxg4 18. Rf2 Be6 19. Nd5 Bxd5 20. exd5 Rfd8 21. Raf1 f6 22. Rd2 Rd7 23. Rfd1 Rc8 24. d6 Qc5 25. Kf2 Kf7 26. Qxc5 Rxc5 27. b3 b5 28. Ke3 Ke6 29. Ra1 Rc3+ 30. Ke2 Rxd6 31. Rxd6+ Kxd6 32. Kd2 Rc5 33. c3 e4 34. a4 Rd5+ 35. Kc2 e3 36. axb5 axb5 37. Re1 Rd2+ 38. Kc1 Rxg2 0-1

[Event "Klatovy op-A"]
[Site "Klatovy"]
[Date "2007.06.30"]
[Round "1"]
[White "Jenc, Milan"]
[Black "Pokrupa, Marek"]
[Result "0-1"]
[WhiteElo "1965"]
[BlackElo "2178"]
[PlyCount "76"]
[EventDate "2007.06.30"]
[EventType "swiss"]
[EventRounds "9"]
[EventCountry "CZE"]
[SourceTitle "CBM 119 Extra"]
[Source "ChessBase"]
[SourceDate "2007.09.04"]
[SourceVersion "1"]
[SourceVersionDate "2007.09.04"]
[SourceQuality "1"]

1. e4 Nf6 2. e5 Nd5 3. c4 Nb6 4. d4 d6 5. f4 g6 6. Nf3 Bg7 7. Be3 dxe5 8. fxe5 0-0 9. Qc2 Bg4 10. Be2 c5 11. d5 N8d7 12. Nbd2 Qc7 13. e6 fxe6 14. dxe6 Bxe6 15. 0-0 Ne5 16. Nxe5 Qxe5 17. Qb3 Qxb2 18. Rad1 Rxf1+ 19. Kxf1 Rd8 20. Ne4 Rxd1+ 21. Qxd1 Qxa2 22. Qd8+ Bf8 23. Bh6 Nd7 24. Nxc5 Bxc4 25. Nd3 Qb1+ 26. Nc1 Bxe2+ 27. Kxe2 Qb5+ 28. Kd2 Qb4+ 29. Ke2 Qg4+ 30. Kf1 Qf5+ 31. Ke1 Qe6+ 32. Ne2 Kf7 33. Bd2 Bg7 34. Kd1 Qd6 35. Ke1 Nc5 36. Qc8 Nd3+ 37. Kf1 Qf6+ 38. Nf4 Nxf4 0-1

[Event "Klatovy op-A"]
[Site "Klatovy"]
[Date "2002.??.??"]
[Round "?"]
[White "Miskolczi, Vitezslav"]
[Black "Jenc, Milan"]
[Result "1-0"]
[WhiteElo "1970"]
[BlackElo "1820"]
[PlyCount "41"]
[EventDate "2002.??.??"]
[EventType "swiss"]
[EventRounds "9"]
[EventCountry "CZE"]
[SourceTitle "EXT 2005"]
[Source "ChessBase"]
[SourceDate "2004.11.15"]
[SourceVersion "1"]
[SourceVersionDate "2004.11.15"]
[SourceQuality "1"]

1. e4 c5 2. d4 cxd4 3. Nf3 Nc6 4. Nxd4 d6 5. Nc3 Nf6 6. f3 e6 7. Be3 Be7 8. Qd2 a6 9. 0-0-0 Qc7 10. g4 b5 11. Kb1 Bb7 12. h4 Nd7 13. f4 Nc5 14. Bg2 b4 15. Nce2 a5 16. Nb5 Qb8 17. Nxd6+ Bxd6 18. Qxd6 Qxd6 19. Rxd6 Na6 20. e5 Nd8 21. Rxd8+ 1-0